[Event "AUT-chT2O 1314"]
[Site "Austria"]
[Date "2014.02.22"]
[Round "8.1"]
[White "Markos, Jan"]
[Black "Bernasek, Jan"]
[Result "1-0"]
[WhiteElo "2584"]
[BlackElo "2539"]
[PlyCount "123"]
[EventDate "2013.10.05"]
[EventType "team-tourn"]
[EventRounds "11"]
[EventCountry "AUT"]
[SourceTitle "EXT 2015"]
[Source "ChessBase"]
[SourceDate "2014.11.20"]
[SourceVersion "1"]
[SourceVersionDate "2014.11.20"]
[SourceQuality "1"]
[WhiteTeam "Pamhagen"]
[BlackTeam "Zwettl"]
[WhiteTeamCountry "AUT"]
[BlackTeamCountry "AUT"]

1. Nf3 {Schulz,Andre} c5 2. g3 Nc6 3. Bg2 g6 4. O-O Bg7 5. e4 Nf6 6. Re1 d5 7. exd5 Nxd5 8. Nc3 ({RR} 8. d3 O-O 9. Nbd2 b6 10. Nc4 Bb7 11. a4 Qc7 12. c3 Rad8 13. Qb3 h6 14. a5 e6 15. Bd2 Nce7 16. axb6 axb6 17. Ra7 Ra8 18. Rea1 Rxa7 19. Rxa7 Ra8 20. Qa4 Rxa7 21. Qxa7 Nc8 22. Qa4 Bc6 {Bocharov,D (2560)-Svidler,P (2727) Berlin 2015 CBM 168 Extra [Schulz,Andre] ½-½ (78)}) 8... Nxc3 9. dxc3 Qb6 $146 ({RR} 9... O-O 10. Be3 Qa5 11. Qd5 c4 12. Qxc4 Be6 13. Qh4 Rad8 14. Ng5 h5 15. Nxe6 fxe6 16. Qc4 Rf6 17. Rad1 Rdf8 18. f4 Qf5 19. Qb3 Rd8 20. Rxd8+ Nxd8 21. Bxa7 h4 22. Bd4 Rf7 23. Qb6 Rf8 24. Bxg7 {Wurdig,G (1651)-Schmidt,N (1618) Playchess.com INT 2020 1-0 (35)}) ({RR} 9... Qxd1 10. Rxd1 Bd7 11. Be3 b6 12. Ng5 h6 13. Nxf7 Rf8 14. Nxh6 O-O-O 15. h3 Ne5 16. Ng4 Nf3+ 17. Bxf3 Rxf3 18. Bf4 Rf8 19. Be5 Bf6 20. Bxf6 exf6 21. Rd3 Rf5 22. Re1 Rh5 23. Rd6 Rxh3 24. Nxf6 {Zivanovic,B (2161)-Tadic,B (2424) Bajina Basta SRB 2024 1-0 (31)}) ({RR} 9... Qxd1 10. Rxd1 Bd7 11. Be3 b6 12. Rd2 O-O-O 13. Ng5 Be8 14. Bxc6 Bxc6 15. Rxd8+ Rxd8 16. Nxf7 Rd5 17. Ng5 Bh6 18. h4 Bxg5 19. hxg5 h6 20. gxh6 Rh5 21. f3 Bxf3 22. Kf2 Bg4 23. Kg2 g5 24. Rh1 {Gerolstein,F-Hoerstmann,R (2255) Duesseldorf 1997 ½-½ (70)}) 10. a4 O-O 11. Qe2 Bf5 12. h3 Rad8 13. g4 Be6 14. Qb5 Na5 15. Be3 Rc8 16. Ng5 Bc4 17. Qxb6 axb6 18. Rad1 h6 19. Nf3 Be6 20. Bf4 Rfd8 21. Ne5 g5 22. Bg3 Rxd1 23. Rxd1 Bxe5 24. Bxe5 f6 25. Bg3 Kf8 26. f4 Ke8 27. f5 Bd7 28. Bd5 h5 29. b3 h4 30. Bh2 Nc6 31. Kf2 Nd8 32. Re1 Kf8 33. Ra1 e6 34. fxe6 Bxe6 35. Be4 Nc6 36. Rd1 Ke7 37. Re1 Kf7 38. Rd1 Ke7 39. Bf3 Rd8 40. Bc7 Rxd1 41. Bxd1 f5 42. Bxb6 Kd6 43. gxf5 Bxf5 44. Kg2 Be4+ 45. Kg1 Bf5 46. Kh2 Be4 47. a5 Ne5 48. b4 cxb4 49. cxb4 Nf3+ 50. Kg2 Nd4+ 51. Kf2 Nxc2 52. Bc5+ Kd5 53. Be7 Ke6 54. Bf8 Bf5 55. Bf3 Bxh3 56. Bxb7 Kd7 57. a6 Kc7 58. Bd6+ Kb6 59. Bc5+ Kc7 60. b5 Bc8 61. b6+ Kb8 62. Bd6# 1-0

[Event "Camarinas Entrefaros"]
[Site "Camarinas"]
[Date "2013.10.09"]
[Round "5"]
[White "Granda Zuniga, Julio E"]
[Black "Salgado Lopez, Ivan"]
[Result "1-0"]
[WhiteElo "2665"]
[BlackElo "2624"]
[PlyCount "113"]
[EventDate "2013.10.05"]
[EventType "tourn"]
[EventRounds "10"]
[EventCountry "ESP"]
[EventCategory "17"]
[SourceTitle "CBM 157"]
[Source "ChessBase"]
[SourceDate "2013.11.12"]
[SourceVersion "1"]
[SourceVersionDate "2013.11.12"]
[SourceQuality "1"]

1. Nf3 c5 2. c4 Nf6 3. b3 g6 4. Bb2 Bg7 5. g3 O-O 6. Bg2 Nc6 7. O-O d5 8. cxd5 Nxd5 9. Bxg7 Kxg7 10. d4 cxd4 11. Nxd4 Ndb4 12. Nxc6 Nxc6 13. Bxc6 ({RR} 13. Qc1 Qc7 14. Qb2+ Kg8 15. Nc3 Be6 16. Ne4 Bd5 17. Rac1 Rfd8 18. Rc5 Bxe4 19. Bxe4 Rd6 20. Rfc1 Rad8 21. Kg2 Qb6 22. Bxc6 Rxc6 23. Rxc6 bxc6 24. Qe5 Qb7 25. Qe4 Rd6 26. Rc5 Rd5 27. Rc4 Rd6 {Das,S (2416)-Wang,L (2076) Canberra AUS 2025 1-0 (45)}) 13... bxc6 14. Nc3 ({RR} 14. Qxd8 Rxd8 15. Nc3 Ba6 16. Rfd1 Rd6 17. Kf1 Rad8 18. Ke1 h5 19. h4 c5 20. Rac1 c4 21. b4 e5 22. Rxd6 Rxd6 23. Ne4 Rb6 24. a3 Bb5 25. Nc5 a5 26. a4 axb4 27. axb5 Rxb5 28. Ne4 c3 {Mikhalevski,V (2562)-Dziuba,M (2568) Warsaw 2021 1-0 (38)}) 14... c5 $146 ({RR} 14... Ba6 15. Qc2 Rc8 16. Rac1 Qa5 17. Qe4 e5 18. Na4 Qd5 19. Qe3 Qd4 20. Rc2 Qxe3 21. fxe3 Rc7 22. Nc5 Bc8 23. Rd1 Re8 24. Kf2 f6 25. b4 Kf7 26. e4 Ke7 27. Ke3 Rh8 28. Nb3 a6 29. Rdc1 {Juhasz,B (2284)-Krivenko,D (2061) Budapest 2022 1-0 (50)}) ({RR} 14... Bh3 15. Qxd8 Rfxd8 16. Rfd1 Rac8 17. f3 Be6 18. Rxd8 Rxd8 19. Kf2 c5 20. Ne4 c4 21. b4 Bf5 22. Rc1 Bxe4 23. fxe4 Rd2 24. a4 Rd4 25. Ke3 e5 26. Rc3 h5 27. b5 Kf6 28. a5 Ke6 29. a6 {Saric,A (2557)-Gschnitzer,O (2357) Germany 2020 1-0 (35)}) 15. Rc1 Be6 16. Ne4 c4 17. bxc4 Rc8 18. Nd2 Qa5 19. Qc2 Rfd8 20. Qb2+ Kg8 21. Rc3 Qe5 22. Nf3 Qf6 23. Qb4 Rb8 24. Qa3 Bh3 25. Re1 Rd6 26. Qxa7 Rb2 27. Re3 Ra6 28. Qxe7 Qxe7 29. Rxe7 Rbxa2 30. Rb1 Rb6 31. Rd1 Rd6 32. Re1 h6 33. Re4 g5 34. Rd4 Rda6 35. Rd2 Rxd2 36. Nxd2 Ra2 37. Nb3 Rc2 38. Rc1 Rxe2 39. c5 Rb2 40. Nd4 Rb4 41. Nc6 Ra4 42. Ne5 Kf8 43. f3 Be6 44. c6 Ke7 45. c7 Ra8 46. f4 gxf4 47. gxf4 Rc8 48. Nc6+ Kd7 49. Nb8+ Kd6 50. Na6 Bd7 51. Rb1 Rg8+ 52. Kf2 Bc8 53. Rd1+ Ke7 54. Nb8 Bh3 55. Nc6+ Kf6 56. Rd6+ Kf5 57. Ne7+ 1-0

[Event "RUS-ch 66th"]
[Site "Nizhnij Novgorod"]
[Date "2013.10.05"]
[Round "1"]
[White "Kramnik, Vladimir"]
[Black "Shomoev, Anton"]
[Result "1-0"]
[WhiteElo "2796"]
[BlackElo "2579"]
[Annotator "Ramirez Alvarez,Alejandro"]
[PlyCount "51"]
[EventDate "2013.10.05"]
[EventType "tourn"]
[EventRounds "9"]
[EventCountry "RUS"]
[EventCategory "18"]
[SourceTitle "CBM 157"]
[Source "ChessBase"]
[SourceDate "2013.11.12"]
[SourceVersion "1"]
[SourceVersionDate "2013.11.12"]
[SourceQuality "1"]

1. Nf3 Nf6 2. g3 b6 3. Bg2 Bb7 4. O-O e6 5. d3 {Eine einigermaßen zurückhaltende Eröffungsbehandlung. Natürlich führt das einfache 5.d4 mit Zugumstellung in damenindische Gewässer, denn früher oder später muss Weiß auch noch c4 ziehen, wonach ein Dameninder auf dem Brett steht. Aber Kramnik hat andere Pläne. d3 stellt die Drohung e4 auf, wobei nicht klar ist, wie stark diese Drohung eigentlich ist - auf jeden Fall unterbindet sie Shomoev sofort.} d5 6. Nbd2 g6 $5 {Natürlicher war es, den Läufer nach e7 zu spielen, aber mit dem Doppelfianchetto hofft Shomoev für den Preis einiger Tempi aktive Figuren zu bekommen.} 7. c4 (7. b3 Bg7 8. Bb2 c5 9. e3 {endete nur wenig später in der auch in diesem Jahr gespielten Partie Jakovenko-Riazantsev mit Remis.}) ({RR} 7. b3 Bg7 8. Bb2 c5 9. e3 Nc6 10. Ne5 O-O 11. f4 Rc8 12. Ndf3 Ng4 13. Nxc6 Bxc6 14. Bxg7 Kxg7 15. Re1 d4 16. e4 Ne3 17. Qd2 Re8 18. Bh1 f6 19. Nh4 e5 20. Ng2 Nxg2 21. Bxg2 {½-½ (21) Jakovenko,D (2713)-Riazantsev,A (2708) Khanty-Mansiysk 2013}) ({RR} 7. e4 Bg7 8. Re1 O-O 9. e5 Nfd7 10. Nf1 c5 11. h4 Nc6 12. Bf4 Qc7 13. Qe2 d4 14. N1h2 Nb4 15. Ng4 Nd5 16. Bh6 Bxh6 17. Nxh6+ Kg7 18. Qd2 Ne3 19. fxe3 Kxh6 20. exd4+ Kg7 21. c3 cxd4 {Grooten,H (2216)-Grooten,T (2067) Hoogeveen NED 2024 0-1 (71)}) 7... Bg7 8. b4 $146 {Und das Spiel ist eröffnet! Weiß expandiert aggressiv am Damenflügel, aber öffnet dabei die Diagonale des gefährlichen Läufers auf g7. Was Schwarz auch hätte ignorieren können.} ({RR} 8. cxd5 exd5 9. Re1 O-O 10. e4 dxe4 11. Ng5 Qxd3 12. Ngxe4 Nxe4 13. Nxe4 Qxd1 14. Rxd1 Bc6 15. Bf4 Na6 16. Nf6+ Bxf6 17. Bxc6 Rad8 18. Bb5 Nc5 19. Bxc7 Rxd1+ 20. Rxd1 Bxb2 21. Bc4 Rc8 22. Rd8+ Rxd8 {Pretto,A (1524)-Kaserer,H (1956) Trento 2008 0-1 (50)}) ({RR} 8. Rb1 a5 9. b3 O-O 10. Bb2 Nbd7 11. a3 Qe7 12. b4 axb4 13. axb4 c6 14. Qb3 Ra7 15. Ra1 Rfa8 16. Rxa7 Rxa7 17. Ra1 Rxa1+ 18. Bxa1 Qd6 19. d4 Qb8 20. Qa4 Qa8 21. Qxa8+ Bxa8 22. c5 Bb7 {Solyankin,A (2255)-Kopylov,O (2006) Irkutsk 2010 1-0 (61)}) 8... Ne4 (8... O-O 9. Bb2 Nbd7 10. b5 $5 {ist vielleicht ein bisschen angenehmer für Weiß, der außerdem einfach mit 10.Tc1 seine Entwicklung fortsetzen könnte.}) 9. cxd5 $5 exd5 (9... Bxa1 10. Nxe4 {und die Drohung Lg5 ist bereits zu stark: Weiß steht auf Gewinn.}) 10. Nb3 $5 {Weiß opfert eine ganze Qualität, aber erhält dafür Entwicklungsvorsprung und gefährliches Spiel auf den schwarzen Feldern.} Bxa1 {Den Springer von e4 zurückzuziehen ist definitiv keine Option.} 11. Nxa1 Nd6 12. Bg5 f6 13. Bf4 a5 $1 {Geht sofort zum Gegenangriff über und verschafft Schwarz gewisse Bewegungsfreiheit.} 14. bxa5 Rxa5 15. Qc2 c5 16. Nb3 Ra7 17. Nxc5 $5 {Ich weiß nicht genau, wie gut dieser Zug eigentlich ist, aber Weiß erhöht den Druck! Schwarz hat einen ganzen Turm für nur zwei Bauern, aber seine Stellung ist schwer zu spielen.} bxc5 18. Qxc5 Ra6 {Erzwungen, nach allen anderen Zügen steht Weiß bereits besser.} (18... Nc8 19. Bxb8 $16) 19. Rb1 Nd7 (19... Ba8 {hätte das weiße Vorgehen wirklich auf die Probe gestellt.} 20. Nd4 Nd7 21. Qb4 Qe7 {und Schwarz beginnt sich zu konsolidieren.}) 20. Qe3+ Kf7 $2 {Schließlich unterläuft Schwarz ein schwerer Fehler.} ({Nach} 20... Qe7 21. Bxd6 Qxe3 22. fxe3 Ba8 23. Bb4 Rxa2 24. Bh3 {hat Schwarz immer noch Materialvorteil, aber ganz sicher nicht genug, um Vorteil reklamieren zu können; wenn überhaupt, dann hat Weiß die besseren Chancen in dieser Stellung.}) 21. Bxd6 Ba8 (21... Rxd6 22. Rxb7 {und die Initiative wird allmählich immer größer.}) 22. Qf4 Re8 23. Nd4 {Jetzt, wo das materielle Gleichgewicht wiederhergestellt ist, steht Weiß offenkundig besser, aber die Partie ist noch nicht vorbei.} Rxa2 $2 (23... Kg8 $1 {war der entscheidende Verteidigungszug, der Shomoev am Leben gehalten hätte.}) 24. Bh3 $1 {Jetzt bricht die schwarze Stellung zusammen.} Raxe2 (24... f5 25. Rc1 {would have lastest a few more hätte ein paar Züge länger gedauert, aber mit dem weißen Turm auf der siebten Reihe kann sich Schwarz wahrscheinlich nicht lange halten.}) 25. Nxe2 Rxe2 26. Qh6 (26. Qh6 Nf8 27. Bg4 $1 Re8 28. Bxf8 $18) 1-0

[Event "RUS-ch 66th"]
[Site "Nizhnij Novgorod"]
[Date "2013.10.08"]
[Round "4"]
[White "Kramnik, Vladimir"]
[Black "Goganov, Aleksey"]
[Result "1-0"]
[WhiteElo "2796"]
[BlackElo "2575"]
[Annotator "Ramirez Alvarez,Alejandro"]
[PlyCount "143"]
[EventDate "2013.10.05"]
[EventType "tourn"]
[EventRounds "9"]
[EventCountry "RUS"]
[EventCategory "18"]
[SourceTitle "CBM 157"]
[Source "ChessBase"]
[SourceDate "2013.11.12"]
[SourceVersion "1"]
[SourceVersionDate "2013.11.12"]
[SourceQuality "1"]

{Through an unusual move-order the game transposed into a fianchetto Dragon Sicilian, which is not considered to be the most dangerous variation for Black, but it is more positional than usual. Goganov lashed out with a quick e6-d5 which had never been tried before, and probalby for good reason. Despite Black's slight compensation, he was after all just down a pawn. Kramnik consolidated his pawn and proceeded to outplay Goganov in a technical endgame.} 1. Nf3 Nf6 2. g3 c5 3. Bg2 g6 4. d4 ({RR} 4. c4 Nc6 5. d4 d6 6. dxc5 dxc5 7. Qxd8+ Nxd8 8. Nc3 Bg7 9. O-O O-O 10. Ne5 Ng4 11. Nd3 Ne5 12. Nxc5 Nxc4 13. Rd1 Ne6 14. Nb3 Rd8 15. Rxd8+ Nxd8 16. Nd5 Nc6 17. Bg5 Bxb2 18. Rd1 Bg4 {Roiz,M (2600)-Polzin,R (2416) Berlin 2015 1-0}) ({RR} 4. d3 Bg7 5. Nc3 O-O 6. Bg5 Nc6 7. O-O h6 8. Bxf6 Bxf6 9. Nd2 e6 10. e4 Bg7 11. f4 d6 12. Nc4 Rb8 13. a4 a6 14. a5 Nb4 15. Nb6 Nc6 16. f5 exf5 17. Nxc8 Rxc8 18. exf5 Bd4+ {Khodzhamkuliev,B (2115)-Sklokin,S (2305) chess.com INT 2025 1-0 (31)}) 4... cxd4 5. Nxd4 Bg7 6. e4 O-O $146 ({RR} 6... d6 7. O-O O-O 8. c4 Bd7 9. e5 dxe5 10. Bxb7 exd4 11. Bxa8 e5 12. Bg2 a5 13. Nd2 Na6 14. Nf3 Qc7 15. Re1 Re8 16. b3 Bf5 17. Bb2 Nb4 18. Nh4 Nc2 19. Nxf5 Nxe1 20. Nxg7 Kxg7 21. Qxe1 {Reynolds,P-Burke,W Dublin 1992 1-0}) 7. Nc3 Nc6 8. Nde2 e6 (8... d6 {is the normal move.}) 9. O-O d5 10. exd5 Nxd5 11. Nxd5 exd5 12. Qxd5 Qxd5 13. Bxd5 Nb4 14. Bb3 Bh3 15. Re1 Bf5 16. c3 Nd3 17. Rd1 Rfe8 18. Nf4 Nxc1 19. Raxc1 Bh6 20. Rd4 Rad8 21. Rxd8 Rxd8 22. Rd1 Rxd1+ 23. Bxd1 Be4 24. f3 Bc6 25. Kf2 Kf8 26. Bc2 f5 27. h4 Ke7 28. Bb3 Kf6 29. Bg8 Kg7 30. Bc4 Kf6 31. a3 b6 32. Ba6 Bf8 33. b4 h6 34. Ne2 g5 35. Bc8 Bd5 36. f4 gxh4 37. gxh4 Be4 38. Ng3 Bc2 39. Ba6 Bd6 40. Ke3 Ba4 41. Bc8 Bc2 42. Bd7 Kg6 43. Ne2 Bb1 44. Nd4 a5 45. Be8+ Kf6 46. h5 axb4 47. axb4 Be4 48. Bc6 Bb1 49. Ba4 Ba2 50. Bb3 Bb1 51. Bc2 Bxc2 52. Nxc2 Ke6 53. Nd4+ Kf6 54. Nb5 Bb8 55. c4 Ke6 56. Nd4+ Kf6 57. c5 bxc5 58. bxc5 Ba7 59. c6 Bb6 60. Kf3 Ba5 61. Nb5 Ke6 62. Ke3 Bb6+ 63. Kd3 Ke7 64. Nd4 Kf6 65. Kc4 Bc7 66. Ne2 Ke6 67. Kc5 Ke7 68. Kb5 Kd8 69. Nd4 Bd6 70. Kb6 Kc8 71. Ne6 Kb8 72. Kb5 1-0

[Event "Bundesliga 1314"]
[Site "Germany"]
[Date "2013.10.12"]
[Round "1.1"]
[White "Piorun, Kacper"]
[Black "Rabiega, Robert"]
[Result "1-0"]
[WhiteElo "2551"]
[BlackElo "2507"]
[PlyCount "54"]
[EventDate "2013.10.12"]
[EventType "team-tourn"]
[EventRounds "15"]
[EventCountry "GER"]
[SourceTitle "CBM 157"]
[Source "ChessBase"]
[SourceDate "2013.11.12"]
[SourceVersion "1"]
[SourceVersionDate "2013.11.12"]
[SourceQuality "1"]
[WhiteTeam "Griesheim"]
[BlackTeam "Koenig Tegel"]
[WhiteTeamCountry "GER"]
[BlackTeamCountry "GER"]

1. Nf3 {Marin,Mihail} d5 2. g3 Bg4 3. Bg2 Nd7 4. c4 e6 5. O-O ({RR} 5. Nc3 c6 6. cxd5 exd5 7. d3 Bd6 8. O-O Ne7 9. Qa4 Bh5 10. Qh4 Bg6 11. Bf4 Nc5 12. Bxd6 Qxd6 13. Qb4 a5 14. Qa3 b5 15. d4 Ne4 16. Qxd6 Nxd6 17. Rac1 O-O 18. Ne5 Bf5 19. Nxc6 Nxc6 {Wilhelmi,C (2400)-Rabiega,R (2480) Germany 1997 0-1}) 5... dxc4 ({RR} 5... Ngf6 6. d3 ({RR} 6. cxd5 exd5 7. d3 c6 8. Qc2) 6... dxc4 7. dxc4 Be7 8. Nc3 O-O ({RR} 8... c6 9. h3 Bxf3 ({RR} 9... Bh5 10. Nh4) 10. exf3 ({RR} 10. Bxf3 Ne5) 10... Nc5 11. Be3 Qd3 12. Ne4 ({RR} 12. Qxd3 Nxd3 13. Na4 O-O 14. f4 Rfd8 15. Rfd1) 12... Nfxe4 13. fxe4 Qxc4 ({RR} 13... O-O 14. b4 Qxd1 15. Raxd1 Na4 16. Rd7 Bxb4 17. Rxb7 Bc5) 14. Rc1 Qb5 15. Qd4 O-O 16. Rxc5) 9. Nh4 c6 10. h3 Bh5 11. g4 Ne8 ({RR} 11... Bg6 12. Nxg6 hxg6 13. Bf4 e5 14. Bh2 Qc7 15. e3 Rad8 16. Qc2) 12. Nf3 ({RR} 12. gxh5 Bxh4 13. h6 g6) 12... Bg6 13. Bf4 f6 ({RR} 13... h6 14. e4 Nc5 15. Ne5 Bh7 16. Qe2) ({RR} 13... Nef6 14. Nh4 Nxg4 {RR} 15. Nxg6 fxg6) 14. Nd4 Nc5 15. Be3 ({RR} 15. b4 e5) 15... a5 ({RR} 15... Bf7 16. b4 Nd7 17. Bxc6 ({RR} 17. Qb3) 17... Bxb4 18. Ne4 e5 19. Nc2 bxc6 20. Nxb4) 16. Nb3 Nd7 ({RR} 16... Nxb3 17. Qxb3 Qc7 18. Na4) 17. Na4 Qc7 18. Nbc5 Nxc5 19. Nxc5 Bf7 ({RR} 19... Bxc5 20. Bxc5 Rf7 21. Qd4 Rd7 ({RR} 21... Rd8 22. Qe3) 22. Qe3 e5 23. Rad1) 20. Qd7 {Wang,H (2743)-Aronian,L (2813) Stavanger 2013 CBM 155 [Marin,Mihail] ½-½ (37)} {RR} e5 ({RR} 20... Rc8 21. Rad1) 21. Rfd1) ({RR} 5... Bxf3 6. Bxf3 Ne5 7. Qb3 Nxf3+ 8. Qxf3 Nf6 9. b3 Be7 10. Bb2 O-O 11. d3 c6 12. Nd2 d4 13. Ne4 a5 14. Nxf6+ Bxf6 15. a3 Qe7 16. e4 dxe3 17. Bxf6 exf2+ 18. Rxf2 Qxf6 19. Qxf6 gxf6 20. Rxf6 {Laddha,S (2325)-Kuzubov,Y (2606) chess.com INT 2024 0-1 (56)}) 6. Na3 $146 ({RR} 6. Qa4 c6 7. Qxc4 Bxf3 8. Bxf3 Ne5 9. Qc3 Nxf3+ 10. Qxf3 Qd4 11. Nc3 Nf6 {½-½ (11) Andreeva,N (2254)-Ovchinnikova,J (2205) Moscow 1999}) ({RR} 6. Qa4 c6 7. Qxc4 Bxf3 8. Bxf3 Ne5 9. Qb3 Nxf3+ 10. Qxf3 Nf6 11. b3 Qd5 12. Qg2 Qe5 13. Nc3 Bb4 14. Qf3 O-O-O 15. a3 Bxc3 16. dxc3 Qe4 17. Kg2 Qxf3+ 18. Kxf3 Nd5 19. c4 Ne7 20. Be3 b6 {Humphreys,M (2068)-Raats,D (2085) Kitchener 2008 ½-½}) 6... Bxa3 7. bxa3 Ngf6 8. Bb2 c6 9. Qc2 Nb6 10. Rae1 Bxf3 11. Bxf3 Qe7 12. a4 Qc5 13. Rb1 O-O 14. Rfc1 Rfd8 15. d3 Rd7 16. dxc4 Qa5 17. c5 Nxa4 18. Ba3 Rc8 19. e4 b5 20. cxb6 axb6 21. e5 Nd5 22. Bd6 Nac3 23. Rb3 Nb5 24. Bxd5 Nd4 25. Qd1 Qxd5 26. Rd3 c5 27. Rxd4 Qe4 1-0

[Event "DEN-chT 1314 52nd"]
[Site "Denmark"]
[Date "2014.01.12"]
[Round "5.1"]
[White "Hillarp Persson, Tiger"]
[Black "Hector, Jonny"]
[Result "1-0"]
[WhiteElo "2547"]
[BlackElo "2503"]
[Annotator "Schulz,Andre"]
[PlyCount "65"]
[EventDate "2013.11.02"]
[EventType "team-tourn"]
[EventRounds "9"]
[EventCountry "DEN"]
[SourceTitle "EXT 2015"]
[Source "ChessBase"]
[SourceDate "2014.11.20"]
[SourceVersion "1"]
[SourceVersionDate "2014.11.20"]
[SourceQuality "1"]
[WhiteTeam "Bronshoj"]
[BlackTeam "Nordkalotten"]
[WhiteTeamCountry "DEN"]
[BlackTeamCountry "DEN"]

1. Nf3 {Auftakt zu einer ruhigen positionellen Partie... ?} d5 2. c4 d4 (2... c6 3. e3 Nf6 4. Nc3 e6 5. d4 Nbd7 6. Bd3 (6. Qc2 Bd6 7. g4 h6 8. Bd2 $11 {1-0 (41) Hillarp Persson,T (2474)-Hector,J (2553) Umea 2003}) 6... dxc4 7. Bxc4 b5 8. Bd3 a6 9. e4 c5 10. e5 cxd4 11. Nxb5 Ng4 12. Qa4 Bb7 13. Nbxd4 Qb6 14. O-O Bc5 15. h3 Bxf3 16. hxg4 Bd5 17. Nf3 Qb7 $14 {1/2-1/2 (40) Hillarp Persson,T (2547)-Hector,J (2568) Vasteras 2011}) 3. b4 ({Die Alternative ist} 3. g3) 3... f6 ({Möglich ist auch} 3... g6 4. Bb2 Bg7 5. g3 (5. e3)) 4. e3 ({In einer früheren Partie geschah:} 4. Na3 e5 5. Nc2 b5 6. cxb5 a6 7. e4 Be6 8. Bb2 axb5 9. Bxb5+ c6 10. Bd3 c5 11. bxc5 Bxc5 12. Nxe5 fxe5 13. Qh5+ Kf8 14. Qxe5 $16 {1-0 (64) Hillarp Persson,T (2528)-Hector,J (2509) Orebro 2013}) 4... e5 5. c5 a5 6. Qa4+ ({Andere Züge:} 6. Bc4 dxe3 7. fxe3 axb4 8. d4 Nc6 9. O-O Na5 10. Nxe5 Nxc4 11. Nxc4 Be6 12. Nbd2 Ne7 13. Bb2 Nd5 14. Qf3 b5 15. cxb6 Nxb6 16. Nxb6 cxb6 17. Qc6+ Bd7 18. Qd5 Be7 19. Nc4 b5 20. Ne5 Rf8 21. Nxd7 Ra7 22. Qh5+ g6 23. Qxh7 Qxd7 24. Qxg6+ Kd8 25. d5 Kc8 26. Rac1+ Kb8 27. d6 Qxd6 28. Rfd1 Qa6 29. Qg3+ Ka8 30. Qf3+ Qb7 31. Rc6 Rxa2 32. Rd7 Qxd7 33. Rc7+ {1-0 (33) Kramnik,V (2772)-Aronian,L (2786) Moscow 2009}) (6. Nxe5 fxe5 7. Qh5+ Kd7 8. Qf5+ Ke8 9. Qh5+ Kd7 10. Qf5+ Ke7 11. Qxe5+ Be6 12. Bc4 Qd7 13. b5 c6 14. Na3 Nf6 15. Bb2 Kf7 16. Bxd4 cxb5 17. Bxe6+ Qxe6 18. Qxe6+ Kxe6 19. Nxb5 Na6 20. Bxf6 gxf6 21. d4 b6 22. cxb6 Rb8 23. Rc1 Rxb6 24. a4 $11 {1/2-1/2 (60) Van Wely,L (2681)-Kramnik,V (2799) Nice 2008}) (6. Bb5+) 6... Qd7 (6... Bd7 7. b5 Bxc5 8. Bc4 Ne7 9. exd4 exd4 10. Ba3 Na6 11. O-O Nb4 12. d3 c6 13. Nbd2 Qb6 14. bxc6 Qxc6 15. Qb3 b5 16. Bf7+ Kf8 17. Rac1 Qb6 18. Ne4 Rc8 19. Rfe1 Bd6 20. Rxc8+ Bxc8 21. g3 Bg4 22. Nxd6 Qxd6 23. Nd2 Bd7 24. Ne4 Qc7 25. Bh5 g6 26. Nxf6 Bf5 27. Bxb4 axb4 28. Qxb4 Kf7 29. Bf3 Qd8 30. Ne4 Bxe4 31. Rxe4 Nf5 32. Qxb5 Qc7 33. Bg4 {1-0 (33) Bukavshin,I (2539)-Shukh,N (2421) Saratov 2013}) 7. Bb5 c6 8. Bc4 Na6 ({Sachlicher wäre} 8... dxe3 9. fxe3 Qg4 10. b5 Qxg2 11. Rf1 Bd7 $11 {gewesen.}) 9. exd4 e4 10. b5 Nb4 (10... cxb5 11. Bxb5 $18 {verbietet sich.}) 11. a3 (11. bxc6 bxc6 12. a3 exf3 13. axb4 fxg2 (13... Qxd4 14. Qxc6+ $18 {diese Möglichkeit hat Weiß in der Partie nicht.}) 14. Rg1 Ne7 15. b5 $14) 11... exf3 (11... Nd5 12. bxc6 bxc6 13. Nh4 $16) 12. axb4 Qxd4 {Mit der hässlich aussehenden Drohung De4.} ({Angesichts der kommenden forcierten Ereignisse scheint} 12... fxg2 {die bessere Wahl gewesen zu sein.} 13. Rg1 Ne7 14. bxa5 Nf5 15. Bb2 Nh4 16. Ra3 $14) 13. d3 Qe5+ 14. Be3 fxg2 15. Rg1 Qxh2 $146 {Für den Turm gibt es keine Rettung. Allerdings hat Schwarz ja noch nicht soviele Figuren entwickelt.} ({RR} 15... Ne7 16. Nd2 Bd7 17. bxa5 Nd5 18. d4 Qxh2 19. Nf3 Qh5 20. a6 Be7 21. axb7 Rxa4 22. Rxa4 O-O 23. Ra8 Re8 24. Kd2 Kf8 25. Rxe8+ Qxe8 26. Bxd5 Bd8 27. Bf4 Ba5+ 28. Kd1 {1-0 (28) Duda,J (2729)-Grischuk,A (2766) Paris 2019}) 16. bxc6 {Nach dem drohenden cxb7 folgt in wenigen Zügen Matt.} Qxg1+ ({Ein anderer Versuch war gleich} 16... b5 17. cxb6 Bxb4+ 18. Ke2 (18. Nc3 $5 Bxc3+ 19. Ke2 Ne7 20. b7 Rb8 21. Rxg2 Qh5+ (21... Qxg2 $2 22. c7+ $18) 22. f3 Kf8 23. Rb1 ({Nicht bringt} 23. Rc1 Bb4 24. bxc8=Q+ Rxc8 $11 {ein.}) 23... Qe8 24. bxc8=Q Rxc8 25. Rb7 $18) 18... Qxg1 19. Nd2 Bg4+ 20. f3 Qh2 21. Rg1 Bh3 22. b7 $18 {und auch hier bringen die beiden Freibauern Zinsen.}) 17. Kd2 b5 (17... Kd8 18. Nc3 Qxa1 (18... Qh2 19. Nd5 g1=Q 20. Rxg1 Qxg1 21. c7#) 19. c7+ Kxc7 20. Qxa1 $18) 18. cxb6 Bxb4+ 19. Nc3 Qh2 20. b7 Rb8 21. c7+ {Was für ein schreckliches Freibauernpaar.} Kf8 22. cxb8=Q Qxb8 23. bxc8=Q+ Qxc8 24. Rg1 h5 25. Rxg2 h4 26. Qb5 Ne7 27. Kc2 h3 28. Rh2 Qc7 (28... Bd6 29. f4 $18) 29. Nd5 $1 Nxd5 (29... Qxh2 30. Nxe7 Kxe7 31. Qb7+ Kd6 32. Bb6 {und die Mattdrohung auf c7 ist kaum zu parieren.}) 30. Qxd5 g5 (30... Qxh2 31. Qf7#) 31. Rxh3 Rxh3 32. Qg8+ Ke7 33. Qe6+ (33. Qe6+ Kf8 (33... Kd8 34. Bb6 $18) 34. Qxf6+ Ke8 35. Qg6+ Kd7 36. Qe6+ Kd8 37. Bb6 $18) 1-0